Capitales d'Europe - Quiz - Statistiques

Statistiques générales
  • Ce quiz a été pris 60 fois
  • Le résultat moyen est 34 sur 45
Statistiques - réponses
Pays Capitale % Correct
Allemagne Berlin
98%
Belgique Bruxelles
95%
Grèce Athènes
93%
Irlande Dublin
93%
Portugal Lisbonne
93%
Espagne Madrid
93%
Monaco Monaco
93%
France Paris
93%
Italie Rome
93%
Autriche Vienne
93%
Pays-Bas Amsterdam
90%
Royaume-Uni Londres
90%
Luxembourg Luxembourg
90%
Russie Moscou
90%
Norvège Oslo
90%
Suisse Berne
88%
Cité du Vatican Vatican
88%
Andorre Andorre-la-Vieille
86%
Danemark Copenhague
83%
Ukraine Kiev
83%
Saint-Marin Saint-Marin
83%
Pologne Varsovie
83%
Croatie Zagreb
83%
Suède Stockholm
79%
Hongrie Budapest
74%
Finlande Helsinki
74%
Bulgarie Sofia
74%
République tchèque Prague
71%
Albanie Tirana
71%
Roumanie Bucarest
69%
Islande Reykjavik
67%
Estonie Tallinn
67%
Malte La Valette
64%
Slovénie Ljubljana
62%
Lettonie Riga
62%
Bosnie-Herzégovine Sarajevo
62%
Lituanie Vilnius
62%
Biélorussie Minsk
60%
Liechtenstein Vaduz
60%
Serbie Belgrade
55%
Slovaquie Bratislava
50%
Macédoine du Nord Skopje
50%
Monténégro Podgorica
48%
Moldavie Chișinău
45%
Kosovo Pristina
45%
Aucun quiz correspondant
Distribution des résultats
% des personnes avec chaque résultat
Percentile par nombre de réponses
Votre historique - résultats
Vous n’avez pas pris ce quiz